Cats

Bibliographic Details
Other Authors: Ezrin, Amy Christine
Format: Book
Published: Italy : White Star , 2005
Subjects:

MARC

LEADER 00000cam a2200000 7i4500
001 0000017290
005 20080515.0
008 080515
020 |a 8854400769 
090 0 0 |a 636.8   |b CAT 
245 1 0 |a Cats   |c text by Caterina Gromis Di Trana ;translation : Amy Christine Ezrin 
260 |a Italy :   |b White Star ,   |c 2005 
650 0 |a Cat   |x Animals 
700 1 |a Ezrin, Amy Christine 
999 |a 0001017333   |b Book   |c REFERENCE   |e Perbadanan Perpustakaan Awam Johor